LEADER 01122nam a2200253 4500 001 000000360912 003 CaOOAMICUS 005 20241128095259.0 008 241128s2016 xxu 000 u eng r 020 $a978-1-4514-8886-9 040 $aSeMil$bita 245 10$aThird Article Theology :$ba pneumatological dogmatics /$cedited by Myk Habets. 264 1$aMinneapolis :$bFortress Press,$c2016. 300 $axx, 487 p. ;$c24 cm 650 4$aSpirito Santo - Teologia.$0(OLS)http://semarc/subject/1154 650 4$aPneumatologia.$0(OLS)http://semarc/subject/1581 650 4$aThird Article Theology (TAT).$0(OLS)http://semarc/subject/56724 700 1 $aHabets, Myk,$d<1971- >.$0(OLS)http://semarc/name/121034 850 $aSeMil 852 $aSeMil$W1$xVenegono$y1$m2B VI 5$j252668$B251901$CSeMilBibl$Z2$F251901 $81 996 $6020$a978-1-4514-8886-9$9(OLS)http://semarc/number/301910 996 $6245$aThird Article Theology :$ba pneumatological dogmatics$9(OLS)http://semarc/title/451504 996 $6264$aMinneapolis :$bFortress Press$9(OLS)http://semarc/publisher/38030 LEADER 01419nam a2200313 i 4500 001 000000237764 003 CaOOAMICUS 005 20150109000000.0 008 150109s2000 it u000 u ita u 013 $a216669 020 $a88-430-1483-8 040 $aSeMil$bita 100 1 $aFabris, Rinaldo,$c.$0(OLS)http://semarc/name/340 245 10$aEssere e tempo di Heidegger :$bintroduzione alla lettura /$cRinaldo Fabris. 260 $aRoma :$bCarocci,$c2000 (2. ristampa 2001) 300 $a227 p. ;$c21 cm. 490 0 $aSeminario filosofico ;$v10 500 $aContiene : Cronologia della vita e delle opere. 650 4$aEssere - Filosofia.$0(OLS)http://semarc/subject/4282 650 4$aHeidegger, Martin <1889-1976> . Sein und Zeit.$0(OLS)http://semarc/subject/8396 650 4$aTempo - Filosofia.$0(OLS)http://semarc/subject/594 774 0 $tCronologia della vita e delle opere.$w()323921 830 0$aSeminario filosofico ;$v10.$0(OLS)http://semarc/title/10801 850 $aSeMil 852 $aSeMil$W1$xVenegono$y1$m2P II 825$j188110$B188110$CSeMilBibl$Z2$F198925 $81 961 $aRecupero: Biblioteca Seminario Seveso (dal 1998) 996 $6020$a88-430-1483-8$9(OLS)http://semarc/number/243220 996 $6245$aEssere e tempo di Heidegger :$bintroduzione alla lettura$9(OLS)http://semarc/title/338942 996 $6260$aRoma :$bCarocci$9(OLS)http://semarc/publisher/31977